00652nam a2200157 a 45000010005000000030005000050050017000100080041000270400020000681110049000882450053001372600062001905000134002526500057003866500051004431634CDMR20240404192358.0130130s2004||||||||||||||||||||||||||||d aCDMRbcatcCDMR2 aForum Barcelonac(Barcelonad: 2004 : n1er)10aInformació b: poder i ètica en el segle XXI aBarcelonab: Col.legi de Periodistes de Catalunya, c2004 aRecopilació dels Diàlegs sobre Comunicació, organitzats amb motiu del Fòrum 2004, durant la primavera de 2004 a Barcelona04aComunicacióxAspectes ètics i moralsvCongressos04aComunicacióxAspectes políticsvCongressos